000 00268nam a2200109Ia 4500
005 20251222144821.0
008 251222s9999||||xx |||||||||||||| ||spa||
020 _a2-901-428-42-8
082 _a709.040.32/M98
245 0 _aQuatre-vingts dessins de zadkine
942 _cLIB
999 _c20496
_d20496